Top 20 Populated Cities in CA - 2022 Est. - Statistics

General Stats
  • This quiz has been taken 640 times
    267 since last reset
  • The average score is 11 of 20
Answer Stats
Hint Answer % Correct
3,985,516 Los Angeles
99%
1,429,653 San Diego
96%
884,108 San Francisco
96%
531,285 Sacramento
87%
1,003,120 San Jose
87%
444,956 Oakland
76%
539,862 Fresno
75%
336,478 Riverside
65%
391,438 Bakersfield
64%
349,366 Anaheim
62%
452,917 Long Beach
61%
214,167 San Bernardino
54%
333,536 Santa Ana
46%
315,904 Stockton
41%
304,408 Irvine
39%
285,511 Chula Vista
29%
217,617 Modesto
24%
251,007 Fremont
20%
225,553 Moreno Valley
15%
218,582 Fontana
10%
No matching quizzes found
Score Distribution
Percent of People with Each Score
Percentile by Number Answered
Your Score History
You have not taken this quiz since the last reset